[Event "Masters Tournament (MTO)"]
[Site "Biel, CH"]
[Date "2025.07.17"]
[Round "4"]
[White "Snodgrass, Benjamin"]
[Black "Doraszelski, Alexander"]
[Result "0-1"]
[Board "32"]
[WhiteFideId "30915422"]
[BlackFideId "12996149"]
[WhiteElo "1964"]
[BlackElo "2154"]
[WhiteTeam "USA"]
[BlackTeam "GER"]
[WhiteClock "0:29:31"]
[BlackClock "0:32:48"]
[Variant "Standard"]

1. e4 {[%clk 1:40:57]}  c5 {[%clk 1:40:50]} 2. Nf3 {[%clk 1:41:18]}  d6 {[%clk 1:41:14]} 3. Bd3 {[%clk 1:40:59]}  Nf6 {[%clk 1:33:29]} 4. c3 {[%clk 1:41:14]}  Nc6 {[%clk 1:31:09]} 5. Bc2 {[%clk 1:40:36]}  Bg4 {[%clk 1:26:33]} 6. d3 {[%clk 1:40:28]}  Bxf3 {[%clk 1:21:21]} 7. Qxf3 {[%clk 1:39:19]}  g6 {[%clk 1:21:20]} 8. Nd2 {[%clk 1:27:41]}  Bg7 {[%clk 1:21:07]} 9. O-O {[%clk 1:25:30]}  O-O {[%clk 1:20:55]} 10. Re1 {[%clk 1:18:28]}  b5 {[%clk 1:08:48]} 11. Qe2 {[%clk 1:04:46]}  Qb6 {[%clk 1:08:00]} 12. f4 {[%clk 0:55:44]}  Nd7 {[%clk 1:00:12]} 13. Qf2 {[%clk 0:50:18]}  Rab8 {[%clk 0:46:51]} 14. a4 {[%clk 0:44:24]}  b4 {[%clk 0:49:03]} 15. Nc4 {[%clk 0:43:31]}  Qc7 {[%clk 0:48:45]} 16. Bd2 {[%clk 0:34:43]}  a5 {[%clk 0:42:48]} 17. Qh4 {[%clk 0:21:08]}  Nf6 {[%clk 0:37:33]} 18. Ne3 {[%clk 0:22:24]}  bxc3 {[%clk 0:28:15]} 19. bxc3 {[%clk 0:22:36]}  Rb2 {[%clk 0:27:46]} 20. Bc1 {[%clk 0:19:39]}  Rb7 {[%clk 0:28:05]} 21. g4 {[%clk 0:18:28]}  Rfb8 {[%clk 0:22:47]} 22. g5 {[%clk 0:15:28]}  Nd7 {[%clk 0:22:54]} 23. Nd5 {[%clk 0:15:15]}  Qd8 {[%clk 0:22:56]} 24. f5 {[%clk 0:11:43]}  e6 {[%clk 0:18:34]} 25. f6 {[%clk 0:11:42]}  exd5 {[%clk 0:14:07]} 26. fxg7 {[%clk 0:12:06]}  d4 {[%clk 0:14:19]} 27. Rf1 {[%clk 0:09:44]}  h5 {[%clk 0:11:16]} 28. Bd1 {[%clk 0:08:02]}  Kxg7 {[%clk 0:11:04]} 29. Bf4 {[%clk 0:06:29]}  Nde5 {[%clk 0:10:43]} 30. cxd4 {[%clk 0:06:20]}  Nxd4 {[%clk 0:09:56]} 31. Bxe5+ {[%clk 0:05:28]}  dxe5 {[%clk 0:10:24]} 32. Qg3 {[%clk 0:04:56]}  Qe7 {[%clk 0:10:06]} 33. h4 {[%clk 0:04:18]}  Rb2 {[%clk 0:10:12]} 34. Rf2 {[%clk 0:04:01]}  Qd6 {[%clk 0:08:33]} 35. Qg2 {[%clk 0:02:47]}  Rxf2 {[%clk 0:07:03]} 36. Qxf2 {[%clk 0:03:10]}  Ne6 {[%clk 0:06:59]} 37. Bc2 {[%clk 0:01:59]}  Nf4 {[%clk 0:07:14]} 38. Kh2 {[%clk 0:01:49]}  Rb2 {[%clk 0:07:37]} 39. Rf1 {[%clk 0:00:38]}  Qe6 {[%clk 0:06:11]} 40. Qd2 {[%clk 0:00:50]}  Qh3+ {[%clk 0:06:18]} 41. Kg1 {[%clk 0:01:10]}  Qg3+ {[%clk 0:06:37]} 42. Kh1 {[%clk 0:01:25]}  Qxh4+ {[%clk 0:06:55]} 43. Kg1 {[%clk 0:01:49]}  Qxg5+ {[%clk 0:06:42]} 44. Kh1 {[%clk 0:01:55]}  Qh4+ {[%clk 0:05:24]} 45. Kg1 {[%clk 0:02:19]}  Qg3+ {[%clk 0:05:46]} 46. Kh1 {[%clk 0:02:42]}  h4 {[%clk 0:05:03]} 47. Qf2 {[%clk 0:29:43]}  Qxf2 {[%clk 0:33:29]} 48. Rxf2 {[%clk 0:30:06]}  Nxd3 {[%clk 0:33:03]} 49. Rh2 {[%clk 0:29:31]}  Nb4 {[%clk 0:32:48]} 0-1

[Event "Masters Tournament (MTO)"]
[Site "Biel, CH"]
[Date "2025.07.17"]
[Round "4"]
[White "Chen, Jun-Wei"]
[Black "Schnell, Simon"]
[Result "1/2-1/2"]
[Board "33"]
[WhiteFideId "16304128"]
[BlackFideId "1345311"]
[WhiteElo "1906"]
[BlackElo "2144"]
[WhiteTeam "TPE"]
[BlackTeam "SUI"]
[WhiteClock "1:00:17"]
[BlackClock "0:29:56"]
[Variant "Standard"]

1. e4 {[%clk 1:40:56]}  c6 {[%clk 1:40:47]} 2. d4 {[%clk 1:41:19]}  d5 {[%clk 1:41:12]} 3. Nd2 {[%clk 1:41:41]}  dxe4 {[%clk 1:41:36]} 4. Nxe4 {[%clk 1:42:03]}  Bf5 {[%clk 1:42:03]} 5. Ng3 {[%clk 1:42:23]}  Bg6 {[%clk 1:42:22]} 6. h4 {[%clk 1:42:46]}  h6 {[%clk 1:42:49]} 7. Nf3 {[%clk 1:43:09]}  Nd7 {[%clk 1:43:16]} 8. h5 {[%clk 1:43:30]}  Bh7 {[%clk 1:43:41]} 9. Bd3 {[%clk 1:43:51]}  Bxd3 {[%clk 1:44:08]} 10. Qxd3 {[%clk 1:44:14]}  e6 {[%clk 1:44:36]} 11. Bd2 {[%clk 1:44:33]}  Ngf6 {[%clk 1:44:39]} 12. O-O-O {[%clk 1:44:49]}  Be7 {[%clk 1:45:06]} 13. Qe2 {[%clk 1:45:10]}  O-O {[%clk 1:45:08]} 14. Nf1 {[%clk 1:45:26]}  Nb6 {[%clk 1:45:02]} 15. g4 {[%clk 1:45:13]}  Qd5 {[%clk 1:37:47]} 16. Kb1 {[%clk 1:39:07]}  Qb5 {[%clk 1:34:04]} 17. Qxb5 {[%clk 1:42:14]}  cxb5 {[%clk 1:34:32]} 18. Rg1 {[%clk 1:38:58]}  Ne4 {[%clk 1:28:32]} 19. Be3 {[%clk 1:25:28]}  Nd5 {[%clk 1:20:53]} 20. N1d2 {[%clk 1:28:29]}  Nxd2+ {[%clk 1:20:17]} 21. Bxd2 {[%clk 1:26:47]}  Rfd8 {[%clk 1:16:51]} 22. g5 {[%clk 1:13:49]}  hxg5 {[%clk 1:15:51]} 23. Bxg5 {[%clk 1:14:12]}  Bxg5 {[%clk 1:13:08]} 24. Rxg5 {[%clk 1:14:30]}  f6 {[%clk 1:04:37]} 25. Rg4 {[%clk 1:14:18]}  Kf7 {[%clk 0:58:32]} 26. Rdg1 {[%clk 1:13:23]}  Rg8 {[%clk 0:58:31]} 27. Nh4 {[%clk 1:12:56]}  Ne7 {[%clk 0:55:17]} 28. c3 {[%clk 1:06:21]}  Rad8 {[%clk 0:53:40]} 29. Ng6 {[%clk 1:04:33]}  Nf5 {[%clk 0:44:47]} 30. Re1 {[%clk 1:03:33]}  Rge8 {[%clk 0:35:31]} 31. Kc2 {[%clk 1:01:24]}  Rd5 {[%clk 0:30:40]} 32. Nf4 {[%clk 1:01:28]}  Rd6 {[%clk 0:30:31]} 33. Ng6 {[%clk 1:01:17]}  Rd5 {[%clk 0:30:52]} 34. Nf4 {[%clk 1:01:35]}  Rd6 {[%clk 0:30:05]} 35. Ng6 {[%clk 1:00:29]}  Rd5 {[%clk 0:29:59]} 36. Rge4 {[%clk 1:00:17]}  Nd6 {[%clk 0:29:56]} 1/2-1/2

[Event "Masters Tournament (MTO)"]
[Site "Biel, CH"]
[Date "2025.07.17"]
[Round "4"]
[White "Chen, Zhi"]
[Black "Papaux, Jeremie"]
[Result "1-0"]
[Board "34"]
[WhiteFideId "8619549"]
[BlackFideId "1340867"]
[WhiteElo "2246"]
[BlackElo "2020"]
[WhiteTeam "CHN"]
[BlackTeam "SUI"]
[WhiteClock "0:28:26"]
[BlackClock "0:20:00"]
[Variant "Standard"]

1. e4 {[%clk 1:40:57]}  e5 {[%clk 1:40:52]} 2. Nf3 {[%clk 1:41:21]}  Nc6 {[%clk 1:41:02]} 3. Bc4 {[%clk 1:41:38]}  Nf6 {[%clk 1:40:18]} 4. d3 {[%clk 1:41:47]}  Bc5 {[%clk 1:40:10]} 5. O-O {[%clk 1:41:55]}  d6 {[%clk 1:40:03]} 6. Nbd2 {[%clk 1:42:00]}  O-O {[%clk 1:40:14]} 7. c3 {[%clk 1:41:53]}  a5 {[%clk 1:40:35]} 8. h3 {[%clk 1:41:48]}  Qe7 {[%clk 1:37:16]} 9. a4 {[%clk 1:36:23]}  Be6 {[%clk 1:31:45]} 10. Re1 {[%clk 1:40:30]}  h6 {[%clk 1:27:48]} 11. b3 {[%clk 1:32:49]}  Rad8 {[%clk 1:21:48]} 12. Bb2 {[%clk 1:25:24]}  Ba7 {[%clk 1:18:45]} 13. Bb5 {[%clk 1:22:09]}  Nb8 {[%clk 1:16:39]} 14. d4 {[%clk 1:22:04]}  c6 {[%clk 1:10:30]} 15. Bf1 {[%clk 1:15:56]}  Qc7 {[%clk 1:07:17]} 16. c4 {[%clk 1:14:48]}  exd4 {[%clk 1:01:54]} 17. Nxd4 {[%clk 1:12:14]}  Na6 {[%clk 0:49:51]} 18. Qf3 {[%clk 1:08:38]}  Nb4 {[%clk 0:54:41]} 19. Rac1 {[%clk 1:04:43]}  Nd7 {[%clk 0:47:24]} 20. Qg3 {[%clk 1:03:57]}  Bxd4 {[%clk 0:47:12]} 21. Bxd4 {[%clk 1:04:21]}  f6 {[%clk 0:46:50]} 22. c5 {[%clk 1:01:08]}  Ne5 {[%clk 0:42:27]} 23. Nc4 {[%clk 0:53:25]}  dxc5 {[%clk 0:37:56]} 24. Bxc5 {[%clk 0:56:30]}  Nbd3 {[%clk 0:30:15]} 25. Bxf8 {[%clk 0:49:45]}  Nxe1 {[%clk 0:34:30]} 26. Bd6 {[%clk 0:45:55]}  Rxd6 {[%clk 0:33:26]} 27. Nxd6 {[%clk 0:46:10]}  N1f3+ {[%clk 0:31:06]} 28. gxf3 {[%clk 0:46:34]}  Qxd6 {[%clk 0:31:16]} 29. f4 {[%clk 0:46:15]}  Nd7 {[%clk 0:23:47]} 30. Rc3 {[%clk 0:37:25]}  Nc5 {[%clk 0:29:45]} 31. e5 {[%clk 0:34:22]}  fxe5 {[%clk 0:27:01]} 32. fxe5 {[%clk 0:32:39]}  Qd5 {[%clk 0:25:16]} 33. Bc4 {[%clk 0:34:46]}  Qd1+ {[%clk 0:25:38]} 34. Kh2 {[%clk 0:35:12]}  Bxc4 {[%clk 0:25:39]} 35. Rxc4 {[%clk 0:35:34]}  Nxb3 {[%clk 0:20:45]} 36. Rg4 {[%clk 0:29:57]}  g5 {[%clk 0:23:44]} 37. e6 {[%clk 0:29:34]}  Nd2 {[%clk 0:20:50]} 38. Qb8+ {[%clk 0:26:15]}  Kh7 {[%clk 0:20:10]} 39. Qxb7+ {[%clk 0:26:13]}  Kh8 {[%clk 0:19:45]} 40. Qc8+ {[%clk 0:26:18]}  Kh7 {[%clk 0:19:32]} 41. Qd7+ {[%clk 0:26:31]}  Kh8 {[%clk 0:19:38]} 42. Qe8+ {[%clk 0:26:45]}  Kg7 {[%clk 0:19:40]} 43. Qf7+ {[%clk 0:27:05]}  Kh8 {[%clk 0:20:04]} 44. e7 {[%clk 0:27:16]}  Nf1+ {[%clk 0:20:09]} 45. Kg2 {[%clk 0:27:41]}  Ne3+ {[%clk 0:20:07]} 46. fxe3 {[%clk 0:28:03]}  Qe2+ {[%clk 0:20:00]} 47. Qf2 {[%clk 0:28:26]} 1-0

[Event "Masters Tournament (MTO)"]
[Site "Biel, CH"]
[Date "2025.07.17"]
[Round "4"]
[White "Mueller, Konstantin"]
[Black "Harish, Neeraj"]
[Result "0-1"]
[Board "35"]
[WhiteFideId "34661778"]
[BlackFideId "30958130"]
[BlackTitle "CM"]
[WhiteElo "2017"]
[BlackElo "2212"]
[WhiteTeam "GER"]
[BlackTeam "USA"]
[WhiteClock "0:13:36"]
[BlackClock "0:57:54"]
[Variant "Standard"]

1. d4 {[%clk 1:40:58]}  Nf6 {[%clk 1:40:29]} 2. c4 {[%clk 1:41:15]}  e6 {[%clk 1:39:54]} 3. Nf3 {[%clk 1:41:03]}  Bb4+ {[%clk 1:41:06]} 4. Bd2 {[%clk 1:41:08]}  c5 {[%clk 1:41:23]} 5. e3 {[%clk 1:38:34]}  Bxd2+ {[%clk 1:40:51]} 6. Qxd2 {[%clk 1:36:22]}  cxd4 {[%clk 1:41:02]} 7. Nxd4 {[%clk 1:33:55]}  Ne4 {[%clk 1:39:29]} 8. Qc2 {[%clk 1:32:36]}  Qa5+ {[%clk 1:39:27]} 9. Nd2 {[%clk 1:32:37]}  Nxd2 {[%clk 1:39:31]} 10. Qxd2 {[%clk 1:32:59]}  Qxd2+ {[%clk 1:39:53]} 11. Kxd2 {[%clk 1:33:20]}  Ke7 {[%clk 1:38:19]} 12. g3 {[%clk 1:25:05]}  d6 {[%clk 1:37:16]} 13. Bg2 {[%clk 1:24:22]}  Nd7 {[%clk 1:27:58]} 14. Rhd1 {[%clk 1:19:43]}  Rb8 {[%clk 1:19:33]} 15. Ke2 {[%clk 1:19:17]}  a6 {[%clk 1:15:45]} 16. Rd2 {[%clk 1:15:32]}  h5 {[%clk 1:09:40]} 17. h4 {[%clk 1:13:56]}  Nf6 {[%clk 1:02:12]} 18. Rad1 {[%clk 1:06:39]}  e5 {[%clk 0:58:11]} 19. Nc2 {[%clk 1:06:01]}  Bg4+ {[%clk 0:54:21]} 20. Bf3 {[%clk 1:03:36]}  Ne4 {[%clk 0:50:52]} 21. Rd5 {[%clk 0:57:00]}  Rbc8 {[%clk 0:49:05]} 22. Na3 {[%clk 0:55:34]}  Rh6 {[%clk 0:39:43]} 23. Rc1 {[%clk 0:52:32]}  Rf6 {[%clk 0:38:19]} 24. Bxg4 {[%clk 0:52:11]}  hxg4 {[%clk 0:37:55]} 25. Rf1 {[%clk 0:51:45]}  Rf3 {[%clk 0:33:57]} 26. Rdd1 {[%clk 0:47:48]}  g5 {[%clk 0:28:41]} 27. Nb1 {[%clk 0:45:34]}  gxh4 {[%clk 0:26:56]} 28. Nd2 {[%clk 0:44:28]}  Nxd2 {[%clk 0:26:22]} 29. Rxd2 {[%clk 0:43:42]}  hxg3 {[%clk 1:01:34]} 30. fxg3 {[%clk 0:25:50]}  Rxg3 {[%clk 1:01:51]} 31. Kd3 {[%clk 0:25:46]}  Rf3 {[%clk 1:01:36]} 32. Rh1 {[%clk 0:22:46]}  Ke6 {[%clk 0:59:54]} 33. Rg2 {[%clk 0:22:21]}  Rg8 {[%clk 1:00:06]} 34. Rh4 {[%clk 0:21:44]}  Kf5 {[%clk 0:58:54]} 35. Ke2 {[%clk 0:20:02]}  Rg6 {[%clk 0:58:24]} 36. Rh7 {[%clk 0:13:36]}  Ke4 {[%clk 0:57:54]} 0-1

[Event "Masters Tournament (MTO)"]
[Site "Biel, CH"]
[Date "2025.07.17"]
[Round "4"]
[White "Gut, Raphael"]
[Black "Stefan, Iulia-Cristiana"]
[Result "1-0"]
[Board "36"]
[WhiteFideId "1339974"]
[BlackFideId "1273876"]
[BlackTitle "WCM"]
[WhiteElo "2147"]
[BlackElo "2017"]
[WhiteTeam "SUI"]
[BlackTeam "ROU"]
[WhiteClock "0:47:41"]
[BlackClock "0:07:19"]
[Variant "Standard"]

1. d4 {[%clk 1:40:57]}  d5 {[%clk 1:40:52]} 2. c4 {[%clk 1:41:23]}  e6 {[%clk 1:41:19]} 3. Nc3 {[%clk 1:41:48]}  Nf6 {[%clk 1:41:41]} 4. cxd5 {[%clk 1:42:16]}  exd5 {[%clk 1:42:05]} 5. Bg5 {[%clk 1:42:41]}  c6 {[%clk 1:42:28]} 6. e3 {[%clk 1:43:08]}  h6 {[%clk 1:42:53]} 7. Bh4 {[%clk 1:43:35]}  Be7 {[%clk 1:43:18]} 8. Bd3 {[%clk 1:44:01]}  O-O {[%clk 1:43:40]} 9. Nge2 {[%clk 1:43:59]}  Re8 {[%clk 1:43:57]} 10. Qc2 {[%clk 1:44:18]}  Nbd7 {[%clk 1:43:13]} 11. O-O {[%clk 1:44:29]}  a5 {[%clk 1:33:17]} 12. Rae1 {[%clk 1:35:14]}  b5 {[%clk 1:39:15]} 13. f3 {[%clk 1:31:54]}  Ba6 {[%clk 1:37:54]} 14. Nc1 {[%clk 1:25:39]}  Qb6 {[%clk 1:33:19]} 15. Bf2 {[%clk 1:18:36]}  c5 {[%clk 1:28:06]} 16. Kh1 {[%clk 1:02:44]}  Rac8 {[%clk 1:19:26]} 17. dxc5 {[%clk 0:59:20]}  Bxc5 {[%clk 1:16:58]} 18. Qd2 {[%clk 0:58:04]}  Ne5 {[%clk 1:00:35]} 19. Be2 {[%clk 0:42:28]}  Nc4 {[%clk 0:36:45]} 20. Bxc4 {[%clk 0:53:44]}  dxc4 {[%clk 0:28:25]} 21. e4 {[%clk 0:42:44]}  Bxf2 {[%clk 0:22:16]} 22. Qxf2 {[%clk 0:42:36]}  Qxf2 {[%clk 0:20:58]} 23. Rxf2 {[%clk 0:43:05]}  b4 {[%clk 0:21:13]} 24. Nb1 {[%clk 0:42:44]}  Red8 {[%clk 0:15:25]} 25. Kg1 {[%clk 0:42:23]}  Ne8 {[%clk 0:10:37]} 26. a3 {[%clk 0:39:54]}  Nc7 {[%clk 0:07:04]} 27. axb4 {[%clk 0:39:34]}  axb4 {[%clk 0:07:33]} 28. Na2 {[%clk 0:39:43]}  Rb8 {[%clk 0:07:25]} 29. Rc1 {[%clk 0:38:29]}  Ne6 {[%clk 0:07:12]} 30. Re1 {[%clk 0:25:54]}  Nc5 {[%clk 0:06:53]} 31. Nc1 {[%clk 0:26:09]}  Bb5 {[%clk 0:05:03]} 32. Rd2 {[%clk 0:23:34]}  Rxd2 {[%clk 0:04:42]} 33. Nxd2 {[%clk 0:24:56]}  Na4 {[%clk 0:02:29]} 34. b3 {[%clk 0:24:57]}  c3 {[%clk 0:02:50]} 35. Nf1 {[%clk 0:25:08]}  Nc5 {[%clk 0:02:23]} 36. Ne3 {[%clk 0:25:27]}  Nd3 {[%clk 0:01:58]} 37. Nxd3 {[%clk 0:25:03]}  Bxd3 {[%clk 0:02:27]} 38. Rc1 {[%clk 0:25:29]}  Kf8 {[%clk 0:01:07]} 39. Nd5 {[%clk 0:25:48]}  Ke8 {[%clk 0:00:42]} 40. Kf2 {[%clk 0:26:13]}  Kd7 {[%clk 0:00:39]} 41. Ke3 {[%clk 0:24:54]}  Ba6 {[%clk 0:30:29]} 42. Ra1 {[%clk 0:20:13]}  Bc8 {[%clk 0:28:17]} 43. Ra4 {[%clk 0:50:41]}  Kd6 {[%clk 0:26:42]} 44. Rxb4 {[%clk 0:49:21]}  Rxb4 {[%clk 0:25:22]} 45. Nxb4 {[%clk 0:49:49]}  Kc5 {[%clk 0:24:07]} 46. Nd3+ {[%clk 0:50:02]}  Kb5 {[%clk 0:23:31]} 47. Kd4 {[%clk 0:50:25]}  c2 {[%clk 0:21:17]} 48. Kc3 {[%clk 0:50:48]}  f5 {[%clk 0:21:33]} 49. e5 {[%clk 0:49:40]}  g5 {[%clk 0:18:59]} 50. Kxc2 {[%clk 0:49:58]}  Kc6 {[%clk 0:18:57]} 51. Kc3 {[%clk 0:49:46]}  Kd5 {[%clk 0:19:17]} 52. g3 {[%clk 0:48:41]}  f4 {[%clk 0:19:00]} 53. gxf4 {[%clk 0:49:03]}  gxf4 {[%clk 0:19:28]} 54. b4 {[%clk 0:48:04]}  Ba6 {[%clk 0:19:26]} 55. h4 {[%clk 0:46:50]}  Bb5 {[%clk 0:19:25]} 56. Kd2 {[%clk 0:46:37]}  Kd4 {[%clk 0:19:09]} 57. Nxf4 {[%clk 0:46:59]}  Kxe5 {[%clk 0:19:35]} 58. Ke3 {[%clk 0:47:26]}  Bc6 {[%clk 0:18:47]} 59. Ne2 {[%clk 0:47:13]}  Bb7 {[%clk 0:18:18]} 60. Nd4 {[%clk 0:47:33]}  Bc8 {[%clk 0:17:15]} 61. Nc6+ {[%clk 0:44:41]}  Kd6 {[%clk 0:16:43]} 62. Na5 {[%clk 0:45:06]}  Kd5 {[%clk 0:14:34]} 63. Kf4 {[%clk 0:44:20]}  Bd7 {[%clk 0:14:21]} 64. Ke3 {[%clk 0:41:44]}  Bc8 {[%clk 0:13:25]} 65. b5 {[%clk 0:41:14]}  Kc5 {[%clk 0:13:02]} 66. Nc6 {[%clk 0:44:59]}  Bb7 {[%clk 0:11:44]} 67. Ne5 {[%clk 0:44:19]}  Bd5 {[%clk 0:10:38]} 68. Ng4 {[%clk 0:44:33]}  h5 {[%clk 0:11:00]} 69. Nf6 {[%clk 0:45:02]}  Bf7 {[%clk 0:11:22]} 70. Kf4 {[%clk 0:45:27]}  Kxb5 {[%clk 0:11:45]} 71. Kg5 {[%clk 0:45:54]}  Kc5 {[%clk 0:11:44]} 72. Nxh5 {[%clk 0:46:19]}  Kd6 {[%clk 0:11:10]} 73. f4 {[%clk 0:46:43]}  Ke7 {[%clk 0:10:23]} 74. Nf6 {[%clk 0:46:00]}  Kf8 {[%clk 0:09:45]} 75. Ne4 {[%clk 0:47:18]}  Kg7 {[%clk 0:10:06]} 76. Nd6 {[%clk 0:47:44]}  Bb3 {[%clk 0:10:24]} 77. f5 {[%clk 0:47:31]}  Kh7 {[%clk 0:10:24]} 78. f6 {[%clk 0:47:53]}  Ba2 {[%clk 0:10:30]} 79. h5 {[%clk 0:44:51]}  Bb3 {[%clk 0:06:48]} 80. f7 {[%clk 0:46:54]}  Kg7 {[%clk 0:07:07]} 81. h6+ {[%clk 0:47:21]}  Kf8 {[%clk 0:07:19]} 82. h7 {[%clk 0:47:41]} 1-0

[Event "Masters Tournament (MTO)"]
[Site "Biel, CH"]
[Date "2025.07.17"]
[Round "4"]
[White "Talwalkar, Vedant"]
[Black "Panda, Barnabas"]
[Result "1-0"]
[Board "37"]
[WhiteFideId "30962498"]
[BlackFideId "799556"]
[WhiteTitle "FM"]
[WhiteElo "2014"]
[BlackElo "2123"]
[WhiteTeam "USA"]
[BlackTeam "HUN"]
[WhiteClock "0:49:41"]
[BlackClock "0:01:19"]
[Variant "Standard"]

1. e4 {[%clk 1:38:10]}  e6 {[%clk 1:40:44]} 2. d4 {[%clk 1:38:12]}  d5 {[%clk 1:41:06]} 3. Nd2 {[%clk 1:38:32]}  c5 {[%clk 1:41:27]} 4. Ngf3 {[%clk 1:38:55]}  cxd4 {[%clk 1:41:42]} 5. exd5 {[%clk 1:39:17]}  Qd7 {[%clk 1:41:28]} 6. d6 {[%clk 1:39:17]}  Qxd6 {[%clk 1:41:58]} 7. Bc4 {[%clk 1:39:40]}  Qd7 {[%clk 1:42:17]} 8. O-O {[%clk 1:40:02]}  Nc6 {[%clk 1:42:15]} 9. Nb3 {[%clk 1:40:26]}  Nf6 {[%clk 1:42:19]} 10. Nbxd4 {[%clk 1:40:47]}  Nxd4 {[%clk 1:42:19]} 11. Nxd4 {[%clk 1:41:10]}  a6 {[%clk 1:42:33]} 12. Re1 {[%clk 1:37:44]}  Qc7 {[%clk 1:38:11]} 13. Bb3 {[%clk 1:41:13]}  Be7 {[%clk 1:31:12]} 14. Qf3 {[%clk 1:37:12]}  O-O {[%clk 1:26:27]} 15. h3 {[%clk 1:27:38]}  Bd7 {[%clk 1:18:48]} 16. Bf4 {[%clk 1:16:03]}  Qb6 {[%clk 0:54:42]} 17. Rad1 {[%clk 1:08:21]}  Rfe8 {[%clk 0:49:29]} 18. Be5 {[%clk 1:20:13]}  Rac8 {[%clk 0:44:31]} 19. c3 {[%clk 1:10:07]}  Rc5 {[%clk 0:43:32]} 20. Qd3 {[%clk 0:56:03]}  Bc6 {[%clk 0:31:31]} 21. Bc2 {[%clk 0:55:09]}  g6 {[%clk 0:26:17]} 22. b4 {[%clk 0:59:27]}  Rd5 {[%clk 0:25:00]} 23. Bb3 {[%clk 0:58:32]}  Rdd8 {[%clk 0:16:07]} 24. Qg3 {[%clk 0:54:57]}  Ne4 {[%clk 0:07:46]} 25. Bc7 {[%clk 0:49:10]}  Nxg3 {[%clk 0:12:01]} 26. Bxb6 {[%clk 0:49:36]}  Rxd4 {[%clk 0:12:19]} 27. Bxd4 {[%clk 0:49:07]}  Nf5 {[%clk 0:11:42]} 28. Be5 {[%clk 0:48:16]}  Ng7 {[%clk 0:10:15]} 29. Rd2 {[%clk 0:48:39]}  f6 {[%clk 0:10:11]} 30. Bf4 {[%clk 0:47:10]}  g5 {[%clk 0:09:22]} 31. Bd6 {[%clk 0:47:11]}  Kf7 {[%clk 0:07:17]} 32. a4 {[%clk 0:45:52]}  f5 {[%clk 0:08:46]} 33. Be5 {[%clk 0:45:56]}  Bf6 {[%clk 0:09:02]} 34. c4 {[%clk 0:45:59]}  Bxe5 {[%clk 0:06:55]} 35. Rxe5 {[%clk 0:46:19]}  Kf6 {[%clk 0:07:04]} 36. Rc5 {[%clk 0:46:18]}  g4 {[%clk 0:05:42]} 37. b5 {[%clk 0:46:00]}  axb5 {[%clk 0:05:54]} 38. cxb5 {[%clk 0:46:19]}  Be4 {[%clk 0:06:14]} 39. hxg4 {[%clk 0:46:44]}  fxg4 {[%clk 0:06:35]} 40. f3 {[%clk 0:47:03]}  gxf3 {[%clk 0:06:09]} 41. gxf3 {[%clk 0:47:29]}  Bf5 {[%clk 0:06:29]} 42. Rc7 {[%clk 0:47:45]}  Nh5 {[%clk 0:06:31]} 43. Bc2 {[%clk 0:47:39]}  Rg8+ {[%clk 0:05:57]} 44. Rg2 {[%clk 0:48:03]}  Rd8 {[%clk 0:05:32]} 45. Bxf5 {[%clk 0:48:20]}  exf5 {[%clk 0:05:26]} 46. Rxb7 {[%clk 0:48:32]}  Nf4 {[%clk 0:04:56]} 47. Rc2 {[%clk 0:48:08]}  Rg8+ {[%clk 0:03:52]} 48. Kh2 {[%clk 0:49:04]}  Ke5 {[%clk 0:01:14]} 49. a5 {[%clk 0:49:16]}  Kd4 {[%clk 0:01:27]} 50. a6 {[%clk 0:49:17]}  Kd3 {[%clk 0:01:19]} 51. Ra2 {[%clk 0:49:41]} 1-0

[Event "Masters Tournament (MTO)"]
[Site "Biel, CH"]
[Date "2025.07.17"]
[Round "4"]
[White "Schaffner, David"]
[Black "Maria, Lia-Alexandra"]
[Result "0-1"]
[Board "38"]
[WhiteFideId "1310607"]
[BlackFideId "1248952"]
[BlackTitle "WFM"]
[WhiteElo "1980"]
[BlackElo "2120"]
[WhiteTeam "SUI"]
[BlackTeam "ROU"]
[WhiteClock "0:08:51"]
[BlackClock "1:02:09"]
[Variant "Standard"]

1. e4 {[%clk 1:40:55]}  c5 {[%clk 1:40:48]} 2. Nf3 {[%clk 1:41:15]}  d6 {[%clk 1:41:12]} 3. d4 {[%clk 1:41:17]}  cxd4 {[%clk 1:41:30]} 4. Nxd4 {[%clk 1:41:38]}  Nf6 {[%clk 1:41:55]} 5. Nc3 {[%clk 1:41:38]}  a6 {[%clk 1:42:19]} 6. Bg5 {[%clk 1:40:18]}  e6 {[%clk 1:42:29]} 7. Qd2 {[%clk 1:38:05]}  Nbd7 {[%clk 1:42:05]} 8. O-O-O {[%clk 1:27:40]}  Qc7 {[%clk 1:41:54]} 9. f4 {[%clk 0:59:44]}  Be7 {[%clk 1:36:47]} 10. Be2 {[%clk 0:37:53]}  O-O {[%clk 1:35:01]} 11. Bf3 {[%clk 0:31:47]}  Nb6 {[%clk 1:28:36]} 12. g4 {[%clk 0:22:42]}  Nc4 {[%clk 1:26:31]} 13. Qd3 {[%clk 0:22:59]}  Bd7 {[%clk 1:24:54]} 14. h4 {[%clk 0:22:21]}  Rac8 {[%clk 1:20:00]} 15. Rdg1 {[%clk 0:17:12]}  b5 {[%clk 1:18:56]} 16. Bd1 {[%clk 0:11:12]}  b4 {[%clk 1:09:36]} 17. Nce2 {[%clk 0:10:54]}  Qa5 {[%clk 1:09:21]} 18. Kb1 {[%clk 0:09:55]}  Nxb2 {[%clk 1:01:44]} 19. Kxb2 {[%clk 0:10:10]}  Rc3 {[%clk 1:01:51]} 20. Nxc3 {[%clk 0:08:51]}  Qa3+ {[%clk 1:02:09]} 0-1

[Event "Masters Tournament (MTO)"]
[Site "Biel, CH"]
[Date "2025.07.17"]
[Round "4"]
[White "Misiano, Franco"]
[Black "Faraone, Ettore"]
[Result "1/2-1/2"]
[Board "39"]
[WhiteFideId "804746"]
[BlackFideId "1311484"]
[WhiteTitle "FM"]
[WhiteElo "2108"]
[BlackElo "1979"]
[WhiteTeam "ITA"]
[BlackTeam "SUI"]
[WhiteClock "1:22:02"]
[BlackClock "0:52:30"]
[Variant "Standard"]

1. e4 {[%clk 1:40:56]}  c5 {[%clk 1:40:35]} 2. Nf3 {[%clk 1:41:18]}  a6 {[%clk 1:40:56]} 3. Nc3 {[%clk 1:41:40]}  d6 {[%clk 1:40:55]} 4. d4 {[%clk 1:41:58]}  cxd4 {[%clk 1:41:18]} 5. Nxd4 {[%clk 1:42:24]}  Nf6 {[%clk 1:41:26]} 6. Bg5 {[%clk 1:42:33]}  e6 {[%clk 1:41:45]} 7. f4 {[%clk 1:42:51]}  h6 {[%clk 1:39:43]} 8. Bh4 {[%clk 1:43:02]}  Be7 {[%clk 1:39:57]} 9. Qf3 {[%clk 1:42:47]}  Qc7 {[%clk 1:36:30]} 10. O-O-O {[%clk 1:42:07]}  Nbd7 {[%clk 1:36:34]} 11. Be2 {[%clk 1:37:29]}  Nxe4 {[%clk 1:30:58]} 12. Nxe6 {[%clk 1:36:27]}  fxe6 {[%clk 1:27:35]} 13. Qh5+ {[%clk 1:36:22]}  Kf8 {[%clk 1:26:59]} 14. Bxe7+ {[%clk 1:36:23]}  Kxe7 {[%clk 1:27:16]} 15. Nxe4 {[%clk 1:36:30]}  d5 {[%clk 1:27:33]} 16. Qh4+ {[%clk 1:35:34]}  Nf6 {[%clk 1:23:36]} 17. Nxf6 {[%clk 1:34:31]}  gxf6 {[%clk 1:23:56]} 18. Rhe1 {[%clk 1:31:58]}  Bd7 {[%clk 1:20:38]} 19. Bd3 {[%clk 1:32:00]}  Rag8 {[%clk 1:13:31]} 20. f5 {[%clk 1:26:39]}  Rxg2 {[%clk 1:07:24]} 21. fxe6 {[%clk 1:26:38]}  Bc6 {[%clk 0:59:06]} 22. Rf1 {[%clk 1:16:33]}  Qe5 {[%clk 0:51:41]} 23. Qb4+ {[%clk 1:22:12]}  Qd6 {[%clk 0:51:55]} 24. Qh4 {[%clk 1:21:47]}  Qe5 {[%clk 0:52:14]} 25. Qb4+ {[%clk 1:21:49]}  Qd6 {[%clk 0:52:38]} 26. Qh4 {[%clk 1:22:02]}  Qe5 {[%clk 0:52:30]} 1/2-1/2